| 000 | 01410nam a2200241Ia 4500 | ||
|---|---|---|---|
| 999 |
_c56039 _d56039 |
||
| 001 | 23139 | ||
| 003 | GE_BSU | ||
| 005 | 20230716144520.0 | ||
| 008 | 181216s1984||||ge |||||||||||||| ||geo|| | ||
| 040 | _cGE_BSU | ||
| 041 | _ageo | ||
| 080 | _a821.111(417)-32 ჯ-66 | ||
| 100 |
_aჯოისი, ჯეიმზ _91371 |
||
| 245 |
_aდუბლინელები : _bმოთხრობები / _cჯეიმზ ჯიოსი ; ინგ. თარგმნა ლ. იმერლიშვილმა ; საქ. სსრ მწერალთა კავშირთა არსებული მხატვ. თარგმანისა და ლიტ. ურთიერთობათა მთ. სარედ. კოლეგია. |
||
| 264 |
_aთბილისი : _bსაბჭ. საქართველო, _c1984. |
||
| 300 |
_a207 გვ. ; _c20 სმ. |
||
| 541 | _h2ლ. 20თ. | ||
| 653 | _aდუბლინელები | ||
| 653 | _aმოთხრობები | ||
| 700 |
_aიმერლიშვილი, ლ. _eმთარგმნელი _919049 |
||
| 710 |
_aსაქ. სსრ მწერალთა კავშირთა არსებული მხატვ. თარგმანისა და ლიტ. ურთიერთობათა მთ. სარედ. კოლეგია. _919359 |
||
| 942 |
_cBK _2udc |
||